| 000 | 00749cam a2200241 4500 | ||
|---|---|---|---|
| 005 | 20260322212007.0 | ||
| 008 | data | ||
| 010 | _a 68031367 | ||
| 040 |
_aDLC _cDLC _dDLC _dOCoLC _dDLC |
||
| 050 | 0 | 0 |
_aF811 _b.S47 |
| 082 | 0 | 0 | _a979.1/04 |
| 092 | _a979.1 S47 | ||
| 100 | 1 | _aSherman, James E. | |
| 245 | 1 | 0 |
_aGhost towns of Arizona, _cJames E. Sherman & Barbara H. Sherman. |
| 250 | _a[1st ed.] | ||
| 260 |
_aNorman, _bUniversity of Oklahoma Press _c[1969] |
||
| 300 |
_ax, 208 p. _billus., facsims., maps, ports. _c28 cm. |
||
| 504 | _aBibliography: p. 201-202. | ||
| 650 | 0 |
_aGhost towns _zArizona. |
|
| 700 | 1 |
_aSherman, Barbara H., _ejoint author. |
|
| 856 | 4 | 1 |
_3Table of contents _uhttp://www.loc.gov/catdir/toc/fy0601/68031367.html |
| 001 | data | ||
| 999 |
_c132 _d132 |
||